Quelle ville du Puy-de-Dôme ? - Statistiques

Statistiques générales
  • Ce quiz a été pris 17 fois
  • Le résultat moyen est 9 sur 20
Statistiques - réponses
Quelle commune puydomoise... Lettre Ville % Correct
...est indissociable du leader mondial de la fabrication de pneumatiques ? C Clermont-Ferrand
100%
...est le lieu de fabrication d'une fourme parmi les plus célèbres ? A Ambert
88%
...est considérée comme la capitale mondiale de la coutellerie ? T Thiers
88%
...fut capitale du duché d'Auvergne puis au centre d'un procès du régime de Vichy ? R Riom
82%
...est célèbre pour ses sources d'eau minérale mais aussi ses pierres noires ? V Volvic
82%
...abrite Saint-Austremoine, l'une des cinq églises romanes majeures d'Auvergne ? I Issoire
76%
...est indissociable de son fromage AOP à pâte pressée au léger goût de noisette ? S Saint-Nectaire
65%
...a le Puy de Sancy sur son territoire et des pistes de ski sur ses pentes ? M Mont-Dore
53%
...est la deuxième station du département après celle-ci, à laquelle elle est reliée ? B Besse-et-Saint-Anastaise
41%
...aurait inspiré le nom d'Ourcival, village emblématique des jeux Yokai Watch ? O Orcival
29%
...constitue avec la précédente un important ensemble thermal ? R Royat
29%
...abritait, comme son nom le laisse supposer, la résidence des comtes d'Auvergne ? V Vic-le-Comte
29%
...abrite la Grotte au Chien et ses émanations de CO₂, autrefois ouverte au public ? C Chamalières
24%
...avait Maupassant parmi les habitués de ses thermes, où il situe Mont Oriol ? C Châtel-Guyon
24%
...donne son nom à la maison du maréchal de France et prince de Sedan Henri ? (L) T La Tour-d'Auvergne
18%
...inspira l'invention de la 2CV, comme célébré par un monument à son entrée ? L Lempdes
18%
...est considérée comme la capitale de la Toscane auvergnate et de l'ail rose ? B Billom
12%
...abrite le parc à thème Vulcania, lancé par Valéry Giscard d'Estaing en 1994 ? S Saint-Ours
12%
...est un PBVdF dont le château fut détruit sur ordre de Richelieu ? U Usson
12%
...fut un centre romain de production de céramique, qui y a aujourd'hui son musée ? L Lezoux
6%
Aucun quiz correspondant
Distribution des résultats
% des personnes avec chaque résultat
Percentile par nombre de réponses
Votre historique - résultats
Vous n’avez pas pris ce quiz